000 01446cam9a220027701 4500
001 lce00558645
005 20190826090514.0
008 731030s1962 caua 000 0 eng
010 _a 61015273 /L/r894
035 _a(Sirsi) r16725
035 _a(DLC) 61015273 /L/r894
035 _a(UPRA)lce00558645
040 _aDLC
_cDLC
_dICU
_dDLC
041 1 _aeng rus
_heng rus
050 0 0 _aQA43
_b.S5823
082 0 0 _a510.76
100 1 _aShkliarskii, D. O. (David Oskarovich), 1918-1942.
_qShkliarskii, D. O. (David Oskarovich), 1918-1942.
_dShkliarskii, D. O. (David Oskarovich), 1918-1942.
_6A74334.1
240 1 0 _aIzbrannye zadachi i teoremy elementarnoi matematiki, ch. 1. English
_nIzbrannye zadachi i teoremy elementarnoi matematiki, ch. 1. English
_lIzbrannye zadachi i teoremy elementarnoi matematiki, ch. 1. English
245 1 4 _aThe USSR olympiad problem book;
_bselected problems and theorems of elementary mathematics
_c[by] D. O. Shklarsky, N. N. Chentzov [and] I. M. Yaglom. Rev. and edited by Irving Sussman. Translated by John Maykovich.
260 _aSan Francisco,
_bFreeman
_c[1962]
440 0 _aSeries of undergraduate books in mathematics
_6S10817.1
500 _aTranslation of Izbrannye zadachi i teoremy elementarnoi matematiki, ch. 1.
650 0 _aMathematics -- Problems, exercises, etc.
_xMathematics -- Problems, exercises, etc.
_6S3042.1
949 _aQA43
_wlcc
_i-11809
_mMAIN
_tBOOK
_lON-SHELF
004 16725
999 _c159236
_d159236